000 01141nam a2200229Ia 4500
003 OSt
005 20210726122051.0
008 210310s1992 ck ad gr 000 0 spa d
040 _aCO-JMCR
_cCO-JMCR
041 0 _aspa
082 0 4 _a332.673 /
_bD419i
_223
110 2 _aColombia.
_bDepartamento Nacional de Planeación
_938704
245 1 0 _aInversión extranjera de portafolio en Colombia /
_cDepartamento Nacional de Planeación, Corredores Asociados S.A.
260 _a[Bogotá] :
_bDepartamento Nacional de Planeación,
_c1992
300 _a125 páginas :
_bilustraciones y gráficas a blanco y negro ;
_c23 cm.
505 0 _aColombia, aspectos generales -- Apertura económica e impulso a la inversión privada -- Régimen general de la inversión de portafolio -- La Bolsa de Valores en Colombia -- Tributación en Colombia -- Anexo estadístico -- Anexo textos legales y reglamentos bursátiles
650 1 4 _aInversiones extranjeras
_916457
_zColombia
650 2 4 _aMercado de capitales
_938705
_zColombia
650 2 4 _aInversiones de capital
_95891
_zColombia
710 1 _aCorredores Asociados S.A.
_938706
_bautor
942 _2ddc
_cBK
999 _c8143
_d8143